| 000 | 00893cab a2200241 4500 | ||
|---|---|---|---|
| 001 | WB3321-38 | ||
| 008 | 090401t1997 xxu||||| |||| 00| 0 eng d | ||
| 035 | _a(Sirsi) u78602 | ||
| 041 | _aeng | ||
| 245 | _aMarket towns` initiative | ||
| 260 | _c1997 | ||
| 350 | _a0 | ||
| 490 |
_aPlanning (for the Natural and Built Environment) _v(1219) 23 May 1997, 3 |
||
| 520 | _aThe Rural Development Commission has launched an initiative to revitalise market towns. The membership-based organisation `Action for Market Towns` will provide back-up for town centre regeneration projects, pedestrian access and traffic issues. | ||
| 650 | _aACTION FOR MARKET TOWNS | ||
| 650 | _aMARKET TOWNS | ||
| 650 | _aREGENERATION PROGRAMMES | ||
| 650 | _aRURAL DEVELOPMENT COMMISSION | ||
| 650 | _aSUSTAINABLE DEVELOPMENT | ||
| 690 | _aPLANNING LAW AND PRACTICE | ||
| 942 | _n0 | ||
| 948 | _c28/05/1997 | ||
| 999 |
_c49432 _d49432 |
||